000
00243nam a2200109Ia 4500
008
190911s9999||||xx |||||||||||||| ||und||
100
_a
Dwight ,Jeffry
245
0
_a
Using CGI
260
_a
New York
_b
Pearson
_c
1996
300
_a
282
942
_c
BK
999
_c
6660
_d
6660